<?xml version="1.0" encoding="UTF-8"?>
<record
    xmlns:xsi="http://www.w3.org/2001/XMLSchema-instance"
    xsi:schemaLocation="http://www.loc.gov/MARC21/slim http://www.loc.gov/standards/marcxml/schema/MARC21slim.xsd"
    xmlns="http://www.loc.gov/MARC21/slim">

  <leader>00213nam a2200085   4500</leader>
  <controlfield tag="001">1233678</controlfield>
  <controlfield tag="005">20250925113000.0</controlfield>
  <datafield tag="245" ind1=" " ind2=" ">
    <subfield code="a">HAR&#x130;KA &#xC7;OCUK NASIL YET&#x130;&#x15E;T&#x130;R&#x130;L&#x130;R ?</subfield>
    <subfield code="c">CHR&#x130;STOPHER CLOUDER </subfield>
  </datafield>
  <datafield tag="260" ind1=" " ind2=" ">
    <subfield code="b">KAKN&#xDC;S </subfield>
  </datafield>
  <datafield tag="999" ind1=" " ind2=" ">
    <subfield code="c">1233678</subfield>
    <subfield code="d">1233678</subfield>
  </datafield>
  <datafield tag="952" ind1=" " ind2=" ">
    <subfield code="0">0</subfield>
    <subfield code="1">0</subfield>
    <subfield code="2">ddc</subfield>
    <subfield code="4">0</subfield>
    <subfield code="7">0</subfield>
    <subfield code="a">1009</subfield>
    <subfield code="b">1009</subfield>
    <subfield code="d">2025-09-25</subfield>
    <subfield code="l">0</subfield>
    <subfield code="p">10091002358</subfield>
    <subfield code="r">2025-09-25 11:30:09</subfield>
    <subfield code="w">2025-09-25</subfield>
    <subfield code="y">BK</subfield>
  </datafield>
</record>
